"True" Avicii - wszystkie numery z albumu - Statystyki

Ogólne statystyki
  • Ten quiz został rozwiązany 13 razy
  • Średni wynik to 5 z 10
Statystyki odpowiedzi
Numer Tytuł Piosenki Wyświetlenia YouTube Odtworzenia Spotify % Poprawnych
1 Wake Me Up 2,3 mld 2 174 774 287
100%
4 Addicted To You 312mln 376 034 487
60%
3 Hey Brother 311mln 955 954 140
50%
2 You Make Me 167mln 296 679 077
50%
5 Dear Boy 4mln 73 356 999
40%
6 Liar Liar 2,7mln 53 978 506
40%
10 Heart Upon My Sleeve 1,9mln 26 421 570
30%
8 Lay Me Down 50mln 49 459 666
30%
7 Shame On Me 1,9mln 29 363 907
30%
9 Hope There's Someone 2,1mln 20 198 380
20%
Nie znaleziono quizów pasujących do podanych kryteriów
Rozkład punktacji
Procent ludzi z każdym wynikiem
Percentyl według liczby udzielonych odpowiedzi
Twoja historia wyników
Nie rozwiązałeś tego quizu